WWF Attitude Era Finishers - Statistics

General Stats
  • This quiz has been taken 2,295 times
    2,281 since last reset
  • The average score is 15 of 17
Answer Stats
Finisher Wrestler % Correct
Stunner 'Stone Cold' Steve Austin
99%
Rock Bottom The Rock
99%
Chokeslam Kane / Undertaker
96%
Tombstone Piledriver Undertaker / Kane
96%
Pedigree Triple H
95%
Spear Edge / Goldberg
94%
Angle Slam Kurt Angle
94%
Sweet Chin Music / Super Kick Shawn Michaels
93%
Sharpshooter Bret 'The Hitman' Hart
90%
Litasault Lita
90%
Mr Socko Mick Foley
90%
3D - Dudley Death Drop The Dudley Boys
90%
Twist Of Fate Jeff Hardy / Matt Hardy
87%
Bossman Slam Big Boss Man
85%
Code Breaker Chris Jericho
79%
WMD Big Show
70%
Dark Matter Goldust
21%
No matching quizzes found
Score Distribution
Percent of People with Each Score
Percentile by Number Answered
Your Score History
You have not taken this quiz since the last reset